| 000 -LEADER |
| fixed length control field |
00365nam a22001217a 4500 |
| 003 - CONTROL NUMBER IDENTIFIER |
| control field |
OSt |
| 005 - DATE AND TIME OF LATEST TRANSACTION |
| control field |
20210824120359.0 |
| 008 - FIXED-LENGTH DATA ELEMENTS--GENERAL INFORMATION |
| fixed length control field |
210824b ||||| |||| 00| 0 spa d |
| 245 10 - TITLE STATEMENT |
| Título |
Leyes Fundamentales : |
| Subtítulo |
de la Provincia de Tierra del Fuego, Antártida e Islas del Atlántico Sur |
| 260 ## - PUBLICATION, DISTRIBUTION, ETC. (IMPRINT) |
| Place of publication, distribution, etc |
Ushuaia : |
| Name of publisher, distributor, etc |
La Lenga, |
| Date of publication, distribution, etc |
2021. |
| 300 ## - PHYSICAL DESCRIPTION |
| Extent |
603 p. |
| Dimensions |
23 cm. |
| 942 ## - ADDED ENTRY ELEMENTS (KOHA) |
| Source of classification or shelving scheme |
|
| Koha item type |
Libros |